Sổ tay mạ, nhúng, phun

Wedi'i Gadw mewn:
Manylion Llyfryddiaeth
Prif Awdur: Nguyễn Đức Hùng
Fformat: Llyfr
Iaith:Vietnamese
Cyhoeddwyd: Khoa học Kỹ Thuật 2001
Pynciau:
Tagiau: Ychwanegu Tag
Dim Tagiau, Byddwch y cyntaf i dagio'r cofnod hwn!
Thư viện lưu trữ: Mạng thư viện Đại học Đà Nẵng
LEADER 00977nam a2200313 a 4500
001 000003365
003 00583
005 20171229145311.0
008 171229s2001 vie
040 |a LSK 
041 0 |a VIE 
082 0 |a 671.73  |b NG-H 
100 1 |a Nguyễn Đức Hùng 
245 0 0 |a Sổ tay mạ, nhúng, phun 
260 |b Khoa học Kỹ Thuật  |c 2001 
300 |a 232 pages  |c 20,5 cm. 
653 |a Cơ khí - Luyện kim 
852 |a Phòng Đọc - Phòng Mượn 
901 |a 30 
927 |a Sách tham khảo 
OWN |a LSK 
AVA |a UDN50  |b LSK  |d 671.73 NG-H  |e check_holdings  |t Error 5003 Not defined in file expand_doc_bib_avail.  |h N  |k 1 
999 |a From the UDN01 
AVA |a UDN50  |b LSK  |d 671.73 NG-H  |e available  |t Error 5001 Not defined in file expand_doc_bib_avail.  |f 30  |g 0  |h N  |i 0  |k 1 
TYP |a Monograph 
TYP |a Printed language 
980 |a Mạng thư viện Đại học Đà Nẵng